| Tag |
First Indicator |
Second Indicator |
Subfields |
| LEADER |
00000cam a2200000 i 4500 |
| 001 |
in00000729913 |
| 005 |
20151016071927.0 |
| 008 |
150903s1979 ohua b 00110 eng |
| 010 |
|
|
|a 78071996
|
| 020 |
|
|
|a 0675082846
|
| 035 |
|
|
|a (OCoLC)05091876
|
| 035 |
|
|
|9 ADE5808AM
|
| 040 |
|
|
|a DLC
|c DLC
|d TXA
|d UtOrBLW
|
| 049 |
|
|
|a TXAM
|c [1383718]
|
| 050 |
0 |
0 |
|a QA135.5
|b .B285
|
| 082 |
0 |
|
|a 372.7
|
| 100 |
1 |
|
|a Barron, Linda.
|
| 245 |
1 |
0 |
|a Mathematics experiences for the early childhood years /
|c Linda Barron.
|
| 264 |
|
1 |
|a Columbus, Ohio :
|b Merrill,
|c [1979]
|
| 264 |
|
4 |
|c ©1979
|
| 300 |
|
|
|a viii, 296 pages :
|b illustrations ;
|c 25 cm.
|
| 336 |
|
|
|a text
|b txt
|2 rdacontent
|
| 337 |
|
|
|a unmediated
|b n
|2 rdamedia
|
| 338 |
|
|
|a volume
|b nc
|2 rdacarrier
|
| 504 |
|
|
|a Includes bibliographies and index.
|
| 650 |
|
0 |
|a Mathematics
|x Study and teaching (Elementary)
|
| 999 |
|
|
|a MARS
|
| 999 |
f |
f |
|s 02afcda5-a339-3d20-b4b8-51d2f3abc04e
|i 605e8a55-1b97-3fdc-8245-371b191d8126
|t 0
|
| 952 |
f |
f |
|p ric
|a Texas A&M University
|b Rellis Campus
|c Joint Library Facility
|d Remote Storage
|t 0
|e QA135.5 .B285
|h Library of Congress classification
|i unmediated -- volume
|m A14804472468
|
| 998 |
f |
f |
|a QA135.5 .B285
|t 0
|l Remote Storage
|